000
003060000a22001450004500
020
_a
07460 5184 0
082
0
4
_a
B W340d
100
1
_a
Watt, Fiona
245
1
0
_a
Diggers / Fiona Watt
260
_a
London : Usborne House
300
_a
[ 8 p. ]
500
_a
Texto pasta dura
001
505
942
_c
LGB
999
_c
47720
_d
47720